Druhé a celkove tretie zlato pre Pittina MSJ v skokoch na lyžiach a v severskej kombinácii: "združenár" kartik až 55.

Bibliographic Details
Main Author: Gressner, Igor (Author)
Format: Article
Language:Slovak
ISSN:0139-7001
Subjects:

MARC

LEADER 00000nab a2200000 ar4500
001 vtls009475534
003 SK-MaSNL
005 20260304173406.0
008 090220c20090209xo sr|p|||||||000 b|slo
015 |a SNBRB2009/02  |2 snkbucl 
038 |a SNKBUCL 
040 |a SNKBUCL  |b slo  |c SNKBUCL  |e AACR2 
041 0 |a slo 
044 |a xo  |c SK 
080 |a 796.926.093.1-053.6  |x (100)  |2 2001 
100 1 |a Gressner, Igor  |4 aut  |9 838363 
245 1 0 |a Druhé a celkove tretie zlato pre Pittina  |b MSJ v skokoch na lyžiach a v severskej kombinácii: "združenár" kartik až 55.  |c Igor Gressner 
611 2 7 |a Majstrovstvá sveta juniorov v skokoch na lyžiach  |d (2009 :  |c Štrbské Pleso, Slovensko)  |2 snkbucl  |9 1503728 
650 0 7 |a lyžovanie  |2 snkbucl  |9 3256 
650 0 7 |a skoky  |2 snkbucl  |9 29988 
650 0 7 |a juniori  |2 snkbucl  |9 838750 
773 0 |t Šport  |g Roč. 63, č. 32 (9.2.2009), s. 30  |x 0139-7001 
852 |a SNK  |b KIS3GCP 
999 |c 3003021  |d 3004951